00182nam a2200073Ia 4500008004100000020001900041082001900060245002900079210430s9999 xx 000 0 und d a685-685685-685 a543.896 M578 P aPractical Aspects of Gas